logo

Bir Sreshtho Munshi Abdur Rouf Library
Jhenaidah Cadet College

Calculus with analytic geometry / (Record no. 5409)

MARC details
000 -LEADER
fixed length control field 00788pam a2200265 i 4500
001 - CONTROL NUMBER
JCCL Control Number 5409
003 - CONTROL NUMBER IDENTIFIER
JCCL marc code BD-JhCC
005 - DATE AND TIME OF LATEST TRANSACTION
control field 20220328134022.0
008 - FIXED-LENGTH DATA ELEMENTS--GENERAL INFORMATION
fixed length control field 781027s1979 nyua 001 0 eng
020 ## - INTERNATIONAL STANDARD BOOK NUMBER
International Standard Book Number 0063826720
035 ## - SYSTEM CONTROL NUMBER
system control number (BD-JhCC)5409
040 ## - CATALOGING SOURCE
Original cataloging agency DLC
Transcribing agency DLC
Modifying agency DLC
-- BD-JhCC
041 ## - LANGUAGE CODE
Language code of Book eng
050 00 - LIBRARY OF CONGRESS CALL NUMBER
Classification number QA303
Item number .F5835
082 00 - DEWEY DECIMAL CLASSIFICATION NUMBER
Classification number 515/.15
Author mark and Year FLE 1979
100 1# - MAIN ENTRY--PERSONAL NAME
Personal name Fleming, Daniel J.,
Dates associated with a name 1940-
245 10 - TITLE STATEMENT
Title Calculus with analytic geometry /
Statement of responsibility, etc Daniel J. Fleming, James J. Kaput ; [illustrator, John Foster].
260 ## - PUBLICATION, DISTRIBUTION, ETC. (IMPRINT)
Place of publication, distribution, etc New York :
Name of publisher, distributor, etc Harper & Row,
Date of publication, distribution, etc 1979.
300 ## - PHYSICAL DESCRIPTION
Pagination xiii, 796, [61] p. :
Other physical details ill. ;
Dimensions 29 cm.
500 ## - GENERAL NOTE
General note Includes index.
650 #0 - SUBJECT ADDED ENTRY--TOPICAL TERM
Topical term or geographic name as entry element Calculus.
650 #0 - SUBJECT ADDED ENTRY--TOPICAL TERM
Topical term or geographic name as entry element Geometry, analytic.
700 1# - ADDED ENTRY--PERSONAL NAME
Personal name Kaput, James J.,
Dates associated with a name 1942-
942 ## - ADDED ENTRY ELEMENTS (KOHA)
Source of classification or shelving scheme Dewey Decimal Classification
Koha item type Books
Koha issues (borrowed), all copies 3
Holdings
Source of classification or shelving scheme Damaged status Not for loan Home library Current library Shelving location Date of accession Total Checkouts Full call number Barcode Date last seen Date checked out Copy number Koha item type Source of acquisition
Dewey Decimal Classification     JCC Rouf Library JCC Rouf Library General Stacks 11/20/2023 3 515/.15 FLE 1979 7463 02/04/2024 11/20/2023 C-1 Books  
Dewey Decimal Classification     JCC Rouf Library JCC Rouf Library General Stacks 09/28/2024 1 515/.15 FLE 1979 11087 10/03/2024 09/28/2024 C-2 Books Asia Foundation

JCC Library | Contacts | JCC Home

Last Update on 23 September 2017
Copyright @ 2017-2020 JCC Rouf Library
Rouf Library, Jhenidah Cadet College (JCC), Bangladesh